MAKING SCIENCE LESSON COUNT (Record no. 216656)

MARC details
000 -LEADER
fixed length control field 00514nam a22001817a 4500
008 - FIXED-LENGTH DATA ELEMENTS--GENERAL INFORMATION
fixed length control field 260225b |||||||| |||| 00| 0 eng d
020 ## - INTERNATIONAL STANDARD BOOK NUMBER
International Standard Book Number 978-1-78583182-9
050 ## - LIBRARY OF CONGRESS CALL NUMBER
Classification number Q 183.4 G7 A45 2017
Item number 1
100 ## - MAIN ENTRY--PERSONAL NAME
Personal name ALLISON , SHAUN
245 ## - TITLE STATEMENT
Title MAKING SCIENCE LESSON COUNT
260 ## - PUBLICATION, DISTRIBUTION, ETC.
Place of publication, distribution, etc. BANCYFELIN, CARMATHEN,WALES
Name of publisher, distributor, etc. CROWN HOUSE
Date of publication, distribution, etc. 2017
300 ## - PHYSICAL DESCRIPTION
Extent 120P
500 ## - GENERAL NOTE
General note INCLUDES BIBLOGRAPHY
650 ## - SUBJECT ADDED ENTRY
Topical term or geographic name entry element MAKING EVERY SCIENCE LESSON COUNT
700 ## - ADDED ENTRY--PERSONAL NAME
Personal name ALLISON, SHAUN
942 ## - ADDED ENTRY ELEMENTS (KOHA)
Source of classification or shelving scheme Library of Congress Classification
Koha item type Long Loan Book
Holdings
Withdrawn status Lost status Source of classification or shelving scheme Damaged status Not for loan Collection Home library Current library Shelving location Date acquired Inventory number Total checkouts Full call number Barcode Date last seen Copy number Price effective from Koha item type
    Library of Congress Classification     Science & Technology Kisii University Library Kisii University Library On Display 02/25/2026 111017   Q 183.4 G7 A45 2017 A000686 02/25/2026 1 02/25/2026 Long Loan Book
    Library of Congress Classification     Science & Technology Kisii University Library Kisii University Library On Display 02/25/2026 111018   Q 183.4 G7 A45 2017 A000685 02/25/2026 2 02/25/2026 Long Loan Book
    Library of Congress Classification     Science & Technology Kisii University Library Kisii University Library On Display 02/25/2026 111019   Q 183.4 G7 A45 2017 A000683 02/25/2026 3 02/25/2026 Long Loan Book
    Library of Congress Classification     Science & Technology Kisii University Library Kisii University Library On Display 02/25/2026 111020   Q 183.4 G7 A45 2017 A000525 02/25/2026 C.4 02/25/2026 Long Loan Book
    Library of Congress Classification     Science & Technology Kisii University Library Kisii University Library On Display 02/25/2026 111021   Q 183.4 G7 A45 2017 A000684 02/25/2026 5 02/25/2026 Long Loan Book